000 00446nam a2200145Ia 4500
999 _c1
_d1
008 191121s 2012 ||||xx |||||||||||||| ||und||
020 _a9789280115611
082 _a348.023
_bIMO
110 _aIMO : International Maritime Organization
245 0 _aIMDG code : International Maritime Dangerous Goods code : incorporating amendment 36-12. Vol. II
250 _aVol. II
260 _aLondon
_bIMO
_c2012
300 _axiv, 481p.
942 _cBK